LEADER 01100nam1 2200361 450 001 990000726820203316 035 $a0072682 035 $aUSA010072682 035 $a(ALEPH)000072682USA01 035 $a0072682 100 $a20011109d--------km-y0itay0103----ba 101 $aspa 102 $aES 105 $a||||||||001yy 200 1 $aObras completas$fJuan Manuel$gedicion, prologo y notas de José Manuel Blecua 210 $aMadrid$cGredos 215 $av.$d25 cm 225 2 $aBiblioteca romanica hispanica$v4$iTextos$v13 410 $12001$aBiblioteca romanica hispanica$v4$iTextos$v13 676 $a863.1 700 1$aJUAN MANUEL $0286379 702 1$aBLECUA,$bJosé Manuel 801 0$aIT$bsalbc$gISBD 912 $a990000726820203316 951 $aII sp A COLL. 31/15$bLM$cII sp A COLL. 959 $aBK 969 $aUMA 979 $aPATTY$b90$c20011109$lUSA01$h1317 979 $aPATTY$b90$c20011109$lUSA01$h1320 979 $c20020403$lUSA01$h1721 979 $aPATRY$b90$c20040406$lUSA01$h1650 996 $aObras completas$9472493 997 $aUNISA